000 00522nam a2200205Ia 4500
003 OSt
005 20230209142816.0
008 210210b2006 xxu||||| |||| 00| 0 eng d
020 _a0 19 567694 7
040 _cAL
041 _aEnglish
082 _a658.3 JYOH
100 _aJYOTHI (P) and VENKATESH (D N).
_971671
245 _aHuman resource management
260 _aN D
_bOxford University Press
_c2006
300 _axxi,565
690 _aHuman Resource Management
_971672
906 _a060723
942 _2ddc
_cBK
999 _c107738
_d107738